| 000 | 00898nam a22001937a 4500 | ||
|---|---|---|---|
| 999 |
_c17005 _d17005 |
||
| 003 | AR-CdUCM | ||
| 008 | 190507b ||||| |||| 00| 0 spa d | ||
| 040 |
_aMUNICIPALIDAD PROVINCIAL DEL CUSCO _cBIBLIOTECA MUNICIPAL DEL CUSCO |
||
| 082 |
_22ed. _a869.501 / _bM74 |
||
| 100 |
_aMolina, Alfonso _936810 |
||
| 245 | _aAntología de la poesía revolucionaria del Perú / | ||
| 260 |
_aLima : _bAmérica latina, _c1965. |
||
| 300 |
_a158 páginas ; _c18 cm. |
||
| 505 | _aContenido: César Vallejo -- Alberto Hidalgo -- Julio Garrido Malaver -- Luis Nieto -- Manuel Moreno Jimeno -- Mario Florián -- Gustavo Valcárcel -- Alejandro Romualdo -- Washington Delgado -- Manuel Scorza -- Gonzalo Rose -- Luis Yáñez -- Arturo Corcuera -- Reynaldo Naranjo -- César Calvo -- Javier Heraud. | ||
| 650 |
_aPoesía peruana _9806 |
||
| 650 |
_aSiglo XX _98 |
||
| 942 |
_2ddc _cLIBROS |
||
| 945 |
_aacv _d2019-05-07 |
||